|
|
|
|
| LEADER |
00000nam2a2200000 4500 |
| 001 |
246177 |
| 005 |
20231101232201.0 |
| 010 |
|
|
|a 5713303829
|
| 035 |
|
|
|a (RuTPU)RU\TPU\book\267619
|
| 090 |
|
|
|a 246177
|
| 100 |
|
|
|a 20131125d1990 k a0rusy50 ca
|
| 101 |
0 |
|
|a rus
|
| 102 |
|
|
|a RU
|
| 105 |
|
|
|a y z 000zy
|
| 200 |
0 |
|
|a Кн. 1: Январь - июль
|
| 210 |
|
|
|d 1990
|
| 215 |
|
|
|a 686 с.
|
| 461 |
|
1 |
|0 (RuTPU)RU\TPU\book\44307
|y 5-7133-0381-0
|t За мир и безопасность народов
|o документы внешней политики СССР, 1988 год
|o в 2 кн.
|f СССР, Министерство иностранных дел ; под ред. Л. Ф. Ильичева
|v Кн. 1: Январь - июль
|d 1990
|
| 606 |
1 |
|
|a Внешняя политика
|x Международные отношения
|y Россия
|2 stltpush
|3 (RuTPU)RU\TPU\subj\68528
|9 83773
|
| 610 |
1 |
|
|a СССР
|
| 610 |
1 |
|
|a 20 век
|
| 610 |
1 |
|
|a документы
|
| 610 |
1 |
|
|a материалы
|
| 610 |
1 |
|
|a мир
|
| 610 |
1 |
|
|a безопасность
|
| 610 |
1 |
|
|a визиты
|
| 686 |
|
|
|a Ф4(2)0
|v LBC/SL-A
|2 rubbk
|
| 801 |
|
1 |
|a RU
|b 63413507
|c 20131125
|
| 801 |
|
2 |
|a RU
|b 63413507
|c 20131209
|g RCR
|
| 942 |
|
|
|c BK
|